Dekóder automobilových zberníc

Salvato in:
Dettagli Bibliografici
Autore principale: Serződi, Patrik (Autore)
Altri autori: Špitálová, Zuzana (Relatore della tesi)
Natura: Manoscritto Libro
Lingua:slovacco
Pubblicazione: 2023
Soggetti:
Accesso online:http://is.stuba.sk/zp/portal_zp.pl?podrobnosti=162743
Tags: Aggiungi Tag
Nessun Tag, puoi essere il primo ad aggiungerne!!

MARC

LEADER 00000ntm a22000003a 4500
001 stuzp92498
003 SK-STU
005 20230909213350.6
007 ta
008 150427s2015----xo-----f-mn---000-0-slo-d
040 |a STU  |b slo 
041 0 |a slo 
100 1 |a Serződi, Patrik  |u 070400  |4 aut  |U FIIT Fakulta informatiky a informačných technológií  |T FIIT Ústav počítačového inžinierstva a aplikovanej informatiky  |X 110889  |U I400  |Y 672  |7 110889 
242 0 1 |a Automotive bus decoder  |y eng 
245 1 0 |a Dekóder automobilových zberníc 
260 |c 2023 
650 4 |a dátový a vzdialený rámec  |2 slo 
650 4 |a dekóder  |2 slo 
650 4 |a protokol  |2 slo 
650 4 |a Python  |2 slo 
650 4 |a Qt  |2 slo 
650 4 |a zbernica  |2 slo 
650 4 |a CAN  |2 slo 
650 4 |a decoder  |2 eng 
650 4 |a bus  |2 eng 
650 4 |a data and remote frame  |2 eng 
650 4 |a protocol  |2 eng 
650 4 |a CAN  |2 eng 
650 4 |a Python  |2 eng 
650 4 |a Qt  |2 eng 
700 1 |a Špitálová, Zuzana  |4 ths  |X 55722  |7 A000055722 
856 4 |u http://is.stuba.sk/zp/portal_zp.pl?podrobnosti=162743